[Event "22nd ETCC Women 2019"]
[Site "Batumi"]
[Date "2019.10.28"]
[Round "5.12"]
[White "Lehtinen, Helja"]
[Black "Motycakova, Monika"]
[Result "0-1"]
[WhiteElo "1802"]
[BlackElo "2126"]
[Annotator "NA"]
[PlyCount "114"]
[EventDate "2019.10.24"]
[EventType "team-tourn"]
[EventCountry "GEO"]
[SourceTitle "playchess.com"]
[Source "ChessBase"]
[SourceQuality "1"]
[WhiteTeam "Finland"]
[BlackTeam "Slovakia"]
[WhiteTeamCountry "FIN"]
[BlackTeamCountry "SVK"]
[TimeControl "40/5400+30:1800+30"]

1. d4 {[%emt 0:00:00]} Nf6 {[%emt 0:00:00]} 2. c4 {[%emt 0:00:00]} e6 {[%emt 0:00:00]} 3. Nc3 {[%emt 0:00:00]} Bb4 {[%emt 0:00:00]} 4. e3 {[%emt 0:00:02]} b6 {[%emt 0:00:08]} 5. Nge2 {[%emt 0:00:49]} Ba6 {[%emt 0:00:37]} 6. a3 {[%emt 0:00:37]} Be7 {[%emt 0:00:20]} 7. Ng3 {[%emt 0:04:36]} d5 {[%emt 0:03:37]} 8. cxd5 {[%emt 0:13:27]} Bxf1 {[%emt 0:01:14]} 9. Nxf1 {[%emt 0:00:14]} exd5 {[%emt 0:05:07]} 10. Ng3 {[%emt 0:05:44]} Qd7 {[%emt 0:03:03]} 11. O-O {[%emt 0:01:14]} O-O {[%emt 0:01:33]} 12. Qc2 {[%emt 0:03:01]} Re8 {[%emt 0:17:11]} 13. b4 {[%emt 0:08:33]} c6 {[%emt 0:14:14]} 14. Bb2 {[%emt 0:09:45]} a5 {[%emt 0:09:47]} 15. Na4 {[%emt 0:19:48]} Qa7 {[%emt 0:09:55]} 16. Bc3 {[%emt 0:02:40]} axb4 {[%emt 0:02:20]} 17. axb4 {[%emt 0:00:07]} Qb7 {[%emt 0:01:48]} 18. Qb3 {[%emt 0:04:51]} Nbd7 {[%emt 0:02:14]} 19. Bb2 {[%emt 0:05:32]} Bf8 {[%emt 0:03:16]} 20. Nc3 {[%emt 0:01:56]} b5 {[%emt 0:01:13]} 21. Rfc1 {[%emt 0:04:02]} Nb6 {[%emt 0:01:05]} 22. Nf1 {[%emt 0:01:23]} Nc4 {[%emt 0:01:07]} 23. Rd1 {[%emt 0:01:24]} Qe7 {[%emt 0:15:04]} 24. Rxa8 {[%emt 0:05:03]} Rxa8 {[%emt 0:00:07]} 25. Na2 {[%emt 0:00:06]} Ra4 {[%emt 0:01:16]} 26. Ra1 {[%emt 0:02:23]} Qa7 {[%emt 0:00:27]} 27. Bc3 {[%emt 0:00:38]} Ne4 {[%emt 0:00:51]} 28. Be1 {[%emt 0:00:24]} Bd6 {[%emt 0:03:07]} 29. f3 {[%emt 0:00:43]} Nf6 {[%emt 0:00:44]} 30. Bc3 {[%emt 0:01:23]} h6 {[%emt 0:01:00]} 31. Qb1 {[%emt 0:00:49]} Qe7 {[%emt 0:00:39]} 32. Qe1 {[%emt 0:01:13]} Ra3 {[%emt 0:00:38]} 33. Kh1 {[%emt 0:01:05]} Qa7 {[%emt 0:00:26]} 34. Qb1 {[%emt 0:00:26]} Qa4 {[%emt 0:00:32]} 35. Kg1 {[%emt 0:01:16]} Nd7 {[%emt 0:01:28]} 36. Kh1 {[%emt 0:01:41]} Nb8 {[%emt 0:00:25]} 37. e4 {[%emt 0:00:56]} Na6 {[%emt 0:00:41]} 38. exd5 {[%emt 0:00:24]} cxd5 {[%emt 0:00:04]} 39. Kg1 {[%emt 0:00:25]} Nxb4 {[%emt 0:00:43]} 40. Nxb4 {[%emt 0:00:00]} Rxa1 {[%emt 0:00:00]} 41. Qxa1 {[%emt 0:06:08]} Qxa1 {[%emt 0:02:15]} 42. Bxa1 {[%emt 0:00:06]} Bxb4 {[%emt 0:00:05]} 43. Kf2 {[%emt 0:00:27]} Bd6 {[%emt 0:08:54]} 44. Ke2 {[%emt 0:03:46]} Kf8 {[%emt 0:03:33]} 45. h3 {[%emt 0:02:27]} Ke7 {[%emt 0:05:18]} 46. Ne3 {[%emt 0:03:58]} Ke6 {[%emt 0:00:13]} 47. Kd3 {[%emt 0:00:54]} Nxe3 {[%emt 0:06:19]} 48. Kxe3 {[%emt 0:00:08]} Kf5 {[%emt 0:01:11]} 49. Bb2 {[%emt 0:01:47]} Be7 {[%emt 0:01:03]} 50. Ke2 {[%emt 0:02:13]} Kf4 {[%emt 0:01:19]} 51. Kf2 {[%emt 0:01:55]} Bh4+ {[%emt 0:00:40]} 52. Ke2 {[%emt 0:00:13]} Kg3 {[%emt 0:00:46]} 53. Kf1 {[%emt 0:00:06]} b4 {[%emt 0:01:30]} 54. Bc1 {[%emt 0:03:41]} Bg5 {[%emt 0:00:00]} 55. Bb2 {[%emt 0:00:05]} h5 {[%emt 0:00:00]} 56. Kg1 {[%emt 0:00:29]} Bd2 {[%emt 0:01:44]} 57. Kf1 {[%emt 0:02:15]} Bc3 {[%emt 0:00:24]} 0-1

[Event "22nd ETCC Women 2019"]
[Site "Batumi"]
[Date "2019.10.28"]
[Round "5.13"]
[White "Cramling, Pia"]
[Black "Golubenko, Valentina"]
[Result "1-0"]
[WhiteElo "2462"]
[BlackElo "2274"]
[Annotator "TA"]
[PlyCount "93"]
[EventDate "2019.10.24"]
[EventType "team-tourn"]
[EventCountry "GEO"]
[SourceTitle "playchess.com"]
[Source "ChessBase"]
[SourceQuality "1"]
[WhiteTeam "Sweden"]
[BlackTeam "Croatia"]
[WhiteTeamCountry "SWE"]
[BlackTeamCountry "CRO"]

{[%evp 17,109,27,23,18,113,106,105,67,68,63,77,53,87,72,115,95,90,82,89,77,129,131,177,79,79,79,81,80,80,81,178,180,192,191,189,187,175,136,122,100,186,181,181,177,171,159,195,192,460,277,297,287,278,256,250,245,321,305,370,355,634,650,615,574,777,739,816,808,825,801,1113,1044,887,1072,854,1039,940,975,1556,1534,1744,1612,2415,4950,2863,2540,29981,29982,29982,29983,29983,29983,12845,12844]} 1. d4 d5 2. Nf3 e6 3. c4 a6 4. e3 c5 5. Nc3 Nf6 6. cxd5 exd5 7. Be2 Nc6 8. O-O Bd6 9. dxc5 Bxc5 10. b3 {D32: Tarrasch Defence: Sidelines and lines without g3} (10. a3 O-O 11. b4 Ba7 12. b5 axb5 13. Nxb5 Bb8 14. Bb2 Ne4 15. Qc2 Qe7 16. Rfd1 Rd8 17. Nc3 Nf6 18. h3 h6 19. Bf1 Ne5 20. Nxe5 Bxe5 21. Nb5 Bf5 {0-1 (56) Jumabayev,R (2605)-Kovalev,V (2664) Batumi 2018}) 10... d4 (10... O-O $11) 11. Na4 $16 Ba7 12. exd4 {White is better.} O-O $146 {[%cal Rc6d4]} ({Predecessor:} 12... Nxd4 13. Ba3 Be6 14. Nc5 Bxc5 15. Bxc5 Nxe2+ 16. Qxe2 Qd5 17. Rac1 Rc8 {1-0 (33) Todorovic,G (2426)-Sibarevic,M (2346) Yugoslavia 2000}) 13. Bb2 Re8 14. Nc5 Qe7 15. Re1 {Threatens to win with Bxa6.} Bg4 16. Bf1 Qc7 {...Rxe1 would now be nice for Black.} 17. Rxe8+ Rxe8 18. Rc1 Qf4 {[#]} (18... h6 $142) 19. Qd2 $1 {[%cal Rd2f4]} Qf5 20. Qg5 (20. Nxb7 $18 Bxf3 21. Nd6 (21. gxf3 Qd5 $14)) 20... Qxg5 21. Nxg5 h6 22. Nf3 Bxf3 23. gxf3 Nb4 {[#]} (23... Nd5 $16) 24. a3 $1 $18 {[%cal Ra3b4]} Bxc5 25. dxc5 ({Don't take} 25. Rxc5 $6 Nbd5 $16) 25... Nc6 26. Rd1 Nh5 27. Bd3 Nf4 28. Be4 Nh3+ (28... a5 $16) 29. Kf1 Ng5 30. Bd5 Rd8 {aiming for ...Ne7.} 31. b4 Ne7 32. Bb3 Re8 $2 (32... Rxd1+ {was worth a try.} 33. Bxd1 Ne6) 33. Rd3 Ng6 34. Rd7 Re7 35. Rxe7 Nxe7 {[%mdl 4096] Endgame KBB-KNN} 36. Ke2 Ng6 37. Ke3 Ne7 38. f4 Nf5+ $2 (38... Ne6 39. Bc2 Nd5+ 40. Kf3 Ne7) 39. Kd3 Nh3 40. Ke4 g6 41. Bd5 Nxf2+ 42. Kf3 Nd3 43. Bc3 g5 44. fxg5 hxg5 45. Ke4 Ne7 46. Bxb7 Nf2+ 47. Ke5 {Played: Ke4-f3} 1-0

[Event "22nd ETCC Women 2019"]
[Site "Batumi"]
[Date "2019.10.28"]
[Round "5.13"]
[White "Brunello, Marina"]
[Black "Mammadzada, Gunay"]
[Result "1/2-1/2"]
[WhiteElo "2381"]
[BlackElo "2427"]
[Annotator "NA"]
[PlyCount "73"]
[EventDate "2019.10.24"]
[EventType "team-tourn"]
[EventCountry "GEO"]
[SourceTitle "playchess.com"]
[Source "ChessBase"]
[SourceQuality "1"]
[WhiteTeam "Italy"]
[BlackTeam "Azerbaijan"]
[WhiteTeamCountry "ITA"]
[BlackTeamCountry "AZE"]
[TimeControl "40/5400+30:1800+30"]

1. e4 {[%emt 0:00:00]} c5 {[%emt 0:00:00]} 2. Nf3 {[%emt 0:00:00]} d6 {[%emt 0:00:00]} 3. d4 {[%emt 0:00:00]} cxd4 {[%emt 0:00:00]} 4. Nxd4 {[%emt 0:00:00]} Nf6 {[%emt 0:00:14]} 5. Nc3 {[%emt 0:00:04]} a6 {[%emt 0:00:19]} 6. Be3 {[%emt 0:00:09]} e5 {[%emt 0:00:09]} 7. Nf3 {[%emt 0:00:06]} Qc7 {[%emt 0:00:19]} 8. a4 {[%emt 0:00:11]} Be6 {[%emt 0:00:43]} 9. a5 {[%emt 0:01:11]} h6 {[%emt 0:01:18]} 10. Be2 {[%emt 0:01:13]} Nbd7 {[%emt 0:02:59]} 11. O-O {[%emt 0:00:20]} Qc6 {[%emt 0:02:48]} 12. Nd2 {[%emt 0:00:34]} Be7 {[%emt 0:00:20]} 13. Bf3 {[%emt 0:00:19]} O-O {[%emt 0:00:22]} 14. Qe2 {[%emt 0:01:33]} Rfc8 {[%emt 0:02:02]} 15. Rfd1 {[%emt 0:03:54]} Bd8 {[%emt 0:04:52]} 16. Nf1 {[%emt 0:03:04]} Rab8 {[%emt 0:24:53]} 17. Qd3 {[%emt 0:28:38]} b5 {[%emt 0:12:54]} 18. Qxd6 {[%emt 0:08:43]} b4 {[%emt 0:02:39]} 19. Qxc6 {[%emt 0:16:26]} Rxc6 {[%emt 0:00:10]} 20. Nd5 {[%emt 0:00:09]} Rxc2 {[%emt 0:04:44]} 21. Rd2 {[%emt 0:00:27]} b3 {[%emt 0:02:37]} 22. Nxf6+ {[%emt 0:05:05]} Nxf6 {[%emt 0:00:21]} 23. Bd1 {[%emt 0:00:40]} Nxe4 {[%emt 0:08:10]} 24. Rxc2 {[%emt 0:00:54]} bxc2 {[%emt 0:00:04]} 25. Bxc2 {[%emt 0:00:03]} f5 {[%emt 0:04:19]} 26. Bd3 {[%emt 0:02:56]} Rxb2 {[%emt 0:10:23]} 27. Bxa6 {[%emt 0:00:45]} f4 {[%emt 0:00:46]} 28. Ba7 {[%emt 0:08:48]} Nc3 {[%emt 0:07:08]} 29. Bc5 {[%emt 0:07:21]} Na2 {[%emt 0:02:24]} 30. Bd6 {[%emt 0:00:51]} Bxa5 {[%emt 0:01:07]} 31. Bxe5 {[%emt 0:00:09]} Bc3 {[%emt 0:01:30]} 32. Bxc3 {[%emt 0:01:12]} Nxc3 {[%emt 0:00:16]} 33. h4 {[%emt 0:04:15]} Kf7 {[%emt 0:02:21]} 34. Nh2 {[%emt 0:02:13]} Ra2 {[%emt 0:03:08]} 35. Rxa2 {[%emt 0:00:30]} Nxa2 {[%emt 0:00:10]} 36. Bb7 {[%emt 0:02:00]} Nc3 {[%emt 0:00:11]} 37. Nf3 {[%emt 0:00:34]} 1/2-1/2

[Event "22nd ETCC Women 2019"]
[Site "Batumi"]
[Date "2019.10.28"]
[Round "5.14"]
[White "Balajayeva, Khanim"]
[Black "Zimina, Olga"]
[Result "0-1"]
[WhiteElo "2368"]
[BlackElo "2397"]
[Annotator "NA"]
[PlyCount "84"]
[EventDate "2019.10.24"]
[EventType "team-tourn"]
[EventCountry "GEO"]
[SourceTitle "playchess.com"]
[Source "ChessBase"]
[SourceQuality "1"]
[WhiteTeam "Azerbaijan"]
[BlackTeam "Italy"]
[WhiteTeamCountry "AZE"]
[BlackTeamCountry "ITA"]
[TimeControl "40/5400+30:1800+30"]

1. e4 {[%emt 0:00:00]} c6 {[%emt 0:00:00]} 2. d4 {[%emt 0:00:00]} d5 {[%emt 0:00:00]} 3. exd5 {[%emt 0:00:00]} cxd5 {[%emt 0:00:00]} 4. c4 {[%emt 0:00:00]} Nf6 {[%emt 0:00:00]} 5. Nc3 {[%emt 0:00:00]} g6 {[%emt 0:00:05]} 6. Qb3 {[%emt 0:00:27]} Bg7 {[%emt 0:00:07]} 7. cxd5 {[%emt 0:00:08]} O-O {[%emt 0:00:05]} 8. Nge2 {[%emt 0:01:06]} a5 {[%emt 0:00:06]} 9. g3 {[%emt 0:03:31]} a4 {[%emt 0:02:19]} 10. Nxa4 {[%emt 0:11:35]} Qxd5 {[%emt 0:03:57]} 11. Qxd5 {[%emt 0:18:22]} Nxd5 {[%emt 0:00:14]} 12. Bg2 {[%emt 0:16:08]} Nb4 {[%emt 0:37:22]} 13. Nb6 {[%emt 0:00:11]} Nc2+ {[%emt 0:00:23]} 14. Kd1 {[%emt 0:02:30]} Nxa1 {[%emt 0:00:07]} 15. Nxa8 {[%emt 0:00:05]} Nc6 {[%emt 0:00:16]} 16. Be3 {[%emt 0:09:42]} Bf5 {[%emt 0:02:21]} 17. Nb6 {[%emt 0:05:59]} Rd8 {[%emt 0:08:19]} 18. Bxc6 {[%emt 0:08:25]} bxc6 {[%emt 0:00:18]} 19. Kd2 {[%emt 0:00:02]} Nc2 {[%emt 0:00:28]} 20. Rc1 {[%emt 0:02:41]} e5 {[%emt 0:08:01]} 21. g4 {[%emt 0:10:41]} Nxe3 {[%emt 0:16:16]} 22. fxe3 {[%emt 0:00:33]} Be4 {[%emt 0:07:10]} 23. Rc4 {[%emt 0:03:02]} exd4 {[%emt 0:04:57]} 24. exd4 {[%emt 0:01:08]} Bh6+ {[%emt 0:00:04]} 25. Kc3 {[%emt 0:00:42]} Bf3 {[%emt 0:00:16]} 26. Ng3 {[%emt 0:00:36]} Bg7 {[%emt 0:00:17]} 27. b4 {[%emt 0:01:44]} Bxg4 {[%emt 0:00:13]} 28. a4 {[%emt 0:00:24]} Be6 {[%emt 0:00:40]} 29. Rxc6 {[%emt 0:01:19]} Rxd4 {[%emt 0:00:06]} 30. Kc2 {[%emt 0:02:53]} Rxb4 {[%emt 0:00:07]} 31. a5 {[%emt 0:00:10]} Rb2+ {[%emt 0:00:20]} 32. Kd3 {[%emt 0:00:28]} Ra2 {[%emt 0:01:36]} 33. Rc5 {[%emt 0:00:21]} Bf8 {[%emt 0:00:40]} 34. Rb5 {[%emt 0:00:42]} Rxh2 {[%emt 0:00:09]} 35. Nf1 {[%emt 0:01:04]} Ra2 {[%emt 0:00:49]} 36. Ne3 {[%emt 0:00:24]} h5 {[%emt 0:00:59]} 37. Nbd5 {[%emt 0:00:24]} h4 {[%emt 0:01:09]} 38. Nf6+ {[%emt 0:00:36]} Kg7 {[%emt 0:00:09]} 39. Nfg4 {[%emt 0:00:29]} h3 {[%emt 0:00:51]} 40. Rb1 {[%emt 0:00:00]} Rxa5 {[%emt 0:00:00]} 41. Rh1 {[%emt 0:03:34]} Bd6 {[%emt 0:04:37]} 42. Ke2 {[%emt 0:02:00]} Ra3 {[%emt 0:02:12]} 0-1

[Event "22nd ETCC Women 2019"]
[Site "Batumi"]
[Date "2019.10.28"]
[Round "5.14"]
[White "Medic, Mirjana"]
[Black "Frisk, Ellinor"]
[Result "1/2-1/2"]
[WhiteElo "2163"]
[BlackElo "2227"]
[Annotator "NA"]
[PlyCount "90"]
[EventDate "2019.10.24"]
[EventType "team-tourn"]
[EventCountry "GEO"]
[SourceTitle "playchess.com"]
[Source "ChessBase"]
[SourceQuality "1"]
[WhiteTeam "Croatia"]
[BlackTeam "Sweden"]
[WhiteTeamCountry "CRO"]
[BlackTeamCountry "SWE"]
[TimeControl "40/5400+30:1800+30"]

1. d4 {[%emt 0:00:00]} Nf6 {[%emt 0:00:00]} 2. Nf3 {[%emt 0:00:00]} c5 {[%emt 0:00:00]} 3. e3 {[%emt 0:01:04]} cxd4 {[%emt 0:00:09]} 4. exd4 {[%emt 0:00:07]} d5 {[%emt 0:00:53]} 5. Bd3 {[%emt 0:00:53]} Bg4 {[%emt 0:00:44]} 6. h3 {[%emt 0:00:10]} Bh5 {[%emt 0:01:20]} 7. c3 {[%emt 0:01:00]} Nc6 {[%emt 0:02:42]} 8. Nbd2 {[%emt 0:10:02]} e6 {[%emt 0:01:09]} 9. O-O {[%emt 0:00:12]} Bd6 {[%emt 0:03:54]} 10. Re1 {[%emt 0:03:20]} Qc7 {[%emt 0:01:15]} 11. Nf1 {[%emt 0:07:14]} O-O {[%emt 0:02:44]} 12. Bg5 {[%emt 0:04:15]} Nd7 {[%emt 0:08:48]} 13. Be2 {[%emt 0:03:15]} Rfe8 {[%emt 0:04:39]} 14. Nh4 {[%emt 0:08:16]} Bxe2 {[%emt 0:00:27]} 15. Qxe2 {[%emt 0:00:02]} Rab8 {[%emt 0:09:30]} 16. Bd2 {[%emt 0:05:19]} b5 {[%emt 0:01:07]} 17. Nf3 {[%emt 0:01:08]} Nf6 {[%emt 0:02:42]} 18. Ne5 {[%emt 0:07:02]} Ne4 {[%emt 0:01:01]} 19. Nxc6 {[%emt 0:02:42]} Qxc6 {[%emt 0:00:26]} 20. Qd3 {[%emt 0:07:45]} Rec8 {[%emt 0:05:44]} 21. Rec1 {[%emt 0:01:58]} Qb7 {[%emt 0:06:41]} 22. Be3 {[%emt 0:07:20]} h6 {[%emt 0:00:36]} 23. Nd2 {[%emt 0:00:22]} Nxd2 {[%emt 0:02:59]} 24. Qxd2 {[%emt 0:00:29]} b4 {[%emt 0:01:58]} 25. cxb4 {[%emt 0:01:55]} Bxb4 {[%emt 0:01:01]} 26. Qe2 {[%emt 0:00:29]} Bd6 {[%emt 0:04:06]} 27. Rxc8+ {[%emt 0:05:15]} Rxc8 {[%emt 0:00:06]} 28. Rc1 {[%emt 0:00:31]} Rxc1+ {[%emt 0:02:05]} 29. Bxc1 {[%emt 0:00:02]} Qb4 {[%emt 0:02:33]} 30. Qd2 {[%emt 0:02:54]} Qc4 {[%emt 0:01:51]} 31. b3 {[%emt 0:00:08]} Qc6 {[%emt 0:03:33]} 32. g3 {[%emt 0:01:07]} Kf8 {[%emt 0:00:54]} 33. Bb2 {[%emt 0:02:47]} Qa6 {[%emt 0:01:23]} 34. Bc1 {[%emt 0:00:15]} Qc6 {[%emt 0:02:54]} 35. Bb2 {[%emt 0:03:57]} Qa6 {[%emt 0:08:35]} 36. Bc1 {[%emt 0:00:31]} Qb6 {[%emt 0:03:02]} 37. Qc3 {[%emt 0:01:19]} Qb7 {[%emt 0:02:53]} 38. Bd2 {[%emt 0:00:26]} Ke7 {[%emt 0:03:22]} 39. Qa5 {[%emt 0:03:45]} Kd7 {[%emt 0:01:27]} 40. Qa4+ {[%emt 0:00:00]} Ke7 {[%emt 0:00:00]} 41. Qa5 {[%emt 0:02:01]} Kd7 {[%emt 0:01:35]} 42. Qa4+ {[%emt 0:05:16]} Kd8 {[%emt 0:03:17]} 43. Ba5+ {[%emt 0:01:24]} Ke7 {[%emt 0:01:05]} 44. Bd2 {[%emt 0:02:57]} Kd8 {[%emt 0:03:32]} 45. Ba5+ {[%emt 0:00:21]} Ke7 {[%emt 0:01:46]} 1/2-1/2

[Event "22nd ETCC Women 2019"]
[Site "Batumi"]
[Date "2019.10.28"]
[Round "5.15"]
[White "Sedina, Elena"]
[Black "Fataliyeva, Ulviyya"]
[Result "0-1"]
[WhiteElo "2294"]
[BlackElo "2368"]
[Annotator "NA RC"]
[PlyCount "80"]
[EventDate "2019.10.24"]
[EventType "team-tourn"]
[EventCountry "GEO"]
[SourceTitle "playchess.com"]
[Source "ChessBase"]
[SourceQuality "1"]
[WhiteTeam "Italy"]
[BlackTeam "Azerbaijan"]
[WhiteTeamCountry "ITA"]
[BlackTeamCountry "AZE"]
[TimeControl "40/5400+30:1800+30"]

1. e4 {[%emt 0:00:00]} e6 {[%emt 0:00:00]} 2. d4 {[%emt 0:00:00]} d5 {[%emt 0:00:00]} 3. Nd2 {[%emt 0:00:51]} Be7 {[%emt 0:00:00]} 4. e5 {[%emt 0:02:45]} c5 {[%emt 0:00:00]} 5. c3 {[%emt 0:00:07]} Nc6 {[%emt 0:00:39]} 6. Ndf3 {[%emt 0:00:43]} Qb6 {[%emt 0:02:10]} 7. Bd3 {[%emt 0:01:23]} Nh6 {[%emt 0:04:39]} 8. Ne2 {[%emt 0:04:35]} cxd4 {[%emt 0:01:29]} 9. cxd4 {[%emt 0:13:41]} Nf5 {[%emt 0:01:08]} 10. O-O {[%emt 0:04:13]} Bd7 {[%emt 0:03:23]} 11. Bxf5 {[%emt 0:19:37]} exf5 {[%emt 0:00:07]} 12. Nf4 {[%emt 0:04:21]} Be6 {[%emt 0:00:21]} 13. h4 {[%emt 0:01:09]} Rc8 {[%emt 0:06:02]} 14. Rb1 {[%emt 0:04:19]} Qd8 {[%emt 0:15:37]} 15. Nh5 {[%emt 0:14:57]} g6 {[%emt 0:22:20]} 16. Ng7+ {[%emt 0:10:01]} Kd7 {[%emt 0:00:06]} 17. Bg5 {[%emt 0:05:29]} h6 {[%emt 0:03:44]} 18. Bxe7 {[%emt 0:06:56]} Qxe7 {[%emt 0:00:09]} 19. b4 {[%emt 0:00:22]} Kc7 {[%emt 0:07:24]} 20. Nxe6+ {[%emt 0:01:26]} fxe6 {[%emt 0:00:17]} 21. Qa4 {[%emt 0:00:03]} Kb8 {[%emt 0:01:07]} 22. Rfc1 {[%emt 0:00:18]} Qd7 {[%emt 0:02:52]} 23. b5 {[%emt 0:01:00]} Ne7 {[%emt 0:00:22]} 24. Qb4 {[%emt 0:00:06]} Rxc1+ {[%emt 0:03:36]} 25. Rxc1 {[%emt 0:00:01]} Nc8 {[%emt 0:01:27]} 26. a4 {[%emt 0:00:32]} Qd8 {[%emt 0:06:48]} 27. a5 {[%emt 0:02:29]} g5 {[%emt 0:00:05]} 28. b6 {[%emt 0:00:23]} axb6 {[%emt 0:00:24]} 29. axb6 {[%emt 0:00:01]} gxh4 {[%emt 0:03:12]} 30. Kh1 {[%emt 0:01:49]} Rg8 {[%emt 0:00:35]} 31. Rc7 {[%emt 0:00:23]} h3 {[%emt 0:01:49]} 32. g3 {[%emt 0:01:21]} f4 {[%emt 0:02:52]} 33. g4 {[%emt 0:00:28]} Rxg4 {[%emt 0:01:59]} 34. Qc5 {[%emt 0:00:24]} Nxb6 {[%emt 0:00:16]} 35. Re7 {[%emt 0:00:04]} Nc8 {[%emt 0:00:33]} 36. Rh7 {[%emt 0:00:27]} Rg2 {[%emt 0:02:55]} 37. Qb5 {[%emt 0:01:02]} Nb6 {[%emt 0:01:55]} 38. Qf1 {[%emt 0:00:32]} Qf8 {[%emt 0:02:18]} 39. Qb1 {[%emt 0:00:36]} Qg8 {[%emt 0:00:21]} 40. Rxh6 {[%emt 0:00:00]} Rh2+ {[%emt 0:00:00]} 0-1

[Event "22nd ETCC Women 2019"]
[Site "Batumi"]
[Date "2019.10.28"]
[Round "5.15"]
[White "Cramling Bellon, Anna"]
[Black "Purgar, Ivona"]
[Result "1/2-1/2"]
[WhiteElo "2164"]
[BlackElo "2205"]
[Annotator "TA"]
[PlyCount "97"]
[EventDate "2019.10.24"]
[EventType "team-tourn"]
[EventCountry "GEO"]
[SourceTitle "playchess.com"]
[Source "ChessBase"]
[SourceQuality "1"]
[WhiteTeam "Sweden"]
[BlackTeam "Croatia"]
[WhiteTeamCountry "SWE"]
[BlackTeamCountry "CRO"]

{[%evp 23,97,12,16,0,0,0,18,0,0,0,0,0,0,8,58,51,58,58,58,58,58,62,60,52,46,58,100,88,83,72,484,241,216,223,235,148,206,69,67,67,64,46,57,30,38,38,38,44,53,46,47,43,63,0,6,0,0,0,68,20,16,0,0,0,0,0,0,0,0,-14,0,0,0,0,0,0]} 1. Nf3 d5 2. b3 Nf6 3. Bb2 e6 4. e3 b6 5. c4 Bb7 6. Nc3 Nbd7 7. d4 Be7 8. Be2 O-O 9. O-O c5 10. Rc1 Rc8 11. cxd5 Nxd5 12. Nxd5 Bxd5 13. Ba6 {E14: Queen's Indian: Classical Variation (4 e3)} (13. Qd3 cxd4 14. Rxc8 Qxc8 15. Qxd4 Bf6 16. Qd2 Qb7 17. Rc1 Rc8 18. Ne1 h6 19. f3 Rxc1 20. Qxc1 Bxb2 21. Qxb2 {½-½ (45) Horvath,J (2527)-Gustafsson,J (2639) Pattaya 2015}) 13... Rc7 14. Qe2 cxd4 15. Rxc7 Qxc7 16. Rc1 Qd6 17. Nxd4 Nc5 18. Bc4 Be4 $146 ({Predecessor:} 18... Bxc4 19. Qxc4 Rd8 20. b4 Na4 {½-½ (41) Zaichik,G-Klovans,J Kostroma 1985}) 19. Nb5 Qb8 20. b4 $1 {[%cal Rb4c5]} Na4 21. Ba1 {[#] And now Qg4! would win.} a6 $1 22. Qg4 $40 {[%csl Ga1][%cal Rg4g7][%mdl 128] White mounts an attack.} Bg6 23. Nd4 $1 {[%cal Rd4c6] aiming for Nc6.} Qd6 24. a3 h5 25. Qd1 b5 26. Bb3 e5 $2 {[%mdl 8192]} (26... Nb6 $16 {is a better chance.}) 27. Nc6 (27. Rc6 $142 Rd8 28. Rxd6 Rxd6 {[%mdl 64] Pin} 29. Qc1 exd4 30. Qc7) 27... Qxd1+ $18 28. Rxd1 Bf6 29. Nxe5 Bf5 (29... Bxe5 $16 30. Bxe5 Rc8) 30. Bxa4 (30. Rd6 $18) 30... bxa4 $14 31. Nf3 {Threatens to win with Bxf6.} Bxa1 32. Rxa1 {[%mdl 4096] Endgame KRB-KRN} Rc8 $1 33. h3 Rc3 34. Nd4 Bd3 35. Kh2 Kf8 36. Kg3 Ke7 37. Kf4 Kf6 38. Kf3 (38. h4 $14) 38... Ke5 39. g4 h4 40. g5 {With the idea Kg4.} f6 (40... Bf5 $11) 41. gxf6 Kxf6 {The position is equal.} 42. Ne2 Rb3 43. Nd4 g5 44. Ra2 ({But not} 44. Nxb3 $2 axb3 45. Re1 b2 $19) 44... Rc3 45. Ne2 Rc4 {[#] Strongly threatening ...Be4+.} 46. Nd4 Rc3 47. Ne2 Rc4 {Hoping for ...Be4+.} 48. Nd4 Rc3 49. Ne2 {Accuracy: White = 45%, Black = 58%.} 1/2-1/2

[Event "22nd ETCC Women 2019"]
[Site "Batumi"]
[Date "2019.10.28"]
[Round "5.16"]
[White "Mammadova, Gulnar"]
[Black "Movileanu, Daniela"]
[Result "1-0"]
[WhiteElo "2369"]
[BlackElo "2173"]
[Annotator "NA"]
[PlyCount "65"]
[EventDate "2019.10.24"]
[EventType "team-tourn"]
[EventCountry "GEO"]
[SourceTitle "playchess.com"]
[Source "ChessBase"]
[SourceQuality "1"]
[WhiteTeam "Azerbaijan"]
[BlackTeam "Italy"]
[WhiteTeamCountry "AZE"]
[BlackTeamCountry "ITA"]
[TimeControl "40/5400+30:1800+30"]

1. e4 {[%emt 0:00:00]} c5 {[%emt 0:00:00]} 2. Nf3 {[%emt 0:00:00]} g6 {[%emt 0:00:45]} 3. c3 {[%emt 0:00:48]} d5 {[%emt 0:00:26]} 4. e5 {[%emt 0:00:23]} Nc6 {[%emt 0:00:53]} 5. Bb5 {[%emt 0:00:26]} Bg4 {[%emt 0:02:01]} 6. O-O {[%emt 0:01:52]} Qb6 {[%emt 0:01:49]} 7. Bxc6+ {[%emt 0:03:24]} Qxc6 {[%emt 0:00:17]} 8. d4 {[%emt 0:01:06]} e6 {[%emt 0:01:54]} 9. h3 {[%emt 0:01:29]} Bxf3 {[%emt 0:05:41]} 10. Qxf3 {[%emt 0:00:06]} Ne7 {[%emt 0:00:46]} 11. Be3 {[%emt 0:06:01]} c4 {[%emt 0:04:42]} 12. Nd2 {[%emt 0:02:29]} h5 {[%emt 0:01:45]} 13. Bg5 {[%emt 0:02:27]} Nf5 {[%emt 0:06:04]} 14. b3 {[%emt 0:09:57]} cxb3 {[%emt 0:05:39]} 15. axb3 {[%emt 0:00:31]} Be7 {[%emt 0:01:12]} 16. Bxe7 {[%emt 0:01:49]} Nxe7 {[%emt 0:05:07]} 17. Qd3 {[%emt 0:01:37]} O-O {[%emt 0:03:04]} 18. Nf3 {[%emt 0:02:15]} Rfc8 {[%emt 0:09:33]} 19. Rfc1 {[%emt 0:00:57]} a5 {[%emt 0:04:33]} 20. g4 {[%emt 0:01:52]} hxg4 {[%emt 0:08:13]} 21. hxg4 {[%emt 0:00:05]} Kg7 {[%emt 0:01:02]} 22. Kg2 {[%emt 0:08:24]} Qc7 {[%emt 0:04:02]} 23. Ng5 {[%emt 0:06:10]} Nc6 {[%emt 0:01:31]} 24. Rh1 {[%emt 0:03:42]} Rh8 {[%emt 0:00:48]} 25. f4 {[%emt 0:00:52]} Ne7 {[%emt 0:05:05]} 26. Qe3 {[%emt 0:05:41]} Rac8 {[%emt 0:02:46]} 27. f5 {[%emt 0:07:15]} exf5 {[%emt 0:04:44]} 28. Nh7 {[%emt 0:02:43]} f4 {[%emt 0:05:00]} 29. Qxf4 {[%emt 0:01:19]} Ng8 {[%emt 0:00:16]} 30. Ng5 {[%emt 0:03:25]} Rh6 {[%emt 0:00:31]} 31. Raf1 {[%emt 0:01:25]} Rxh1 {[%emt 0:03:43]} 32. Rxh1 {[%emt 0:00:56]} Nh6 {[%emt 0:00:52]} 33. Qf6+ {[%emt 0:00:05]} 1-0